| 000 | 00941cam a2200289 a 4500 | ||
|---|---|---|---|
| 001 | 7451 | ||
| 003 | BD-RjUL | ||
| 005 | 20211208234421.0 | ||
| 008 | 140115s1993 nyua b 001 0 eng | ||
| 020 | _a0387978720 (alk. paper) | ||
| 020 | _a3540978720 (Berlin : alk. paper) | ||
| 035 | _a(BD-RjUL)7494 | ||
| 040 |
_aDLC _cDLC _dDLC _dBD-RjUL _beng |
||
| 041 | _aeng | ||
| 082 | 0 | 0 |
_a519.23 _220 _bSTA 1993 |
| 245 | 0 | 0 |
_aStatistical models based on counting processes / _cPer Kragh Andersen ... [et al.]. |
| 260 |
_aNew York : _bSpringer-Verlag, _cc1993. |
||
| 300 |
_axi, 767 p. : _bill. ; _c24 cm. |
||
| 504 | _aIncludes bibliographical references (p. [715]-746) and indexes. | ||
| 650 | 0 |
_aPoint processes. _923281 |
|
| 650 | 0 |
_aMathematical statistics. _923282 |
|
| 700 | 1 |
_aAndersen, Per Kragh. _923283 |
|
| 942 |
_2ddc _cBK |
||
| 999 |
_c7451 _d7451 |
||